[Event "GER-chT U18 Girls"]
[Site "Germany"]
[Date "2011.05.13"]
[Round "1.3"]
[White "Mueller, Svenja"]
[Black "Graf, Janine"]
[Result "0-1"]
[WhiteElo "800"]
[BlackElo "864"]
[PlyCount "36"]
[EventDate "2011.05.13"]
[EventType "team-swiss"]
[EventRounds "7"]
[EventCountry "GER"]
[SourceTitle "EXT 2012"]
[Source "ChessBase"]
[SourceDate "2011.11.24"]
[SourceVersion "1"]
[SourceVersionDate "2011.11.24"]
[SourceQuality "1"]
[WhiteTeam "Neuenburg Gymn (W)"]
[BlackTeam "Heilbronn EHKG (W)"]
[WhiteTeamCountry "GER"]
[BlackTeamCountry "GER"]

1. e4 e5 2. Nf3 Nc6 3. b3 Bc5 4. Bb2 d6 5. Bc4 Be6 6. Bxe6 fxe6 7. Ng5 Qxg5 8. h4 Qxg2 9. Rf1 0-0-0 10. Qe2 Nd4 11. Qd3 Rf8 12. c3 Rf3 13. Qc4 Ne7 14. cxd4 Rhf8 15. dxc5 Rxf2 16. Rxf2 Rxf2 17. Na3 Qg1+ 18. Qf1 Qxf1# 0-1

[Event "GER-chT U14 Girls"]
[Site "Gross Doelln"]
[Date "2010.12.29"]
[Round "6.4"]
[White "Graf, Janine"]
[Black "Jentzsch, Juliane"]
[Result "1-0"]
[WhiteElo "756"]
[BlackElo "1091"]
[PlyCount "59"]
[EventDate "2010.12.27"]
[EventType "team-swiss"]
[EventRounds "7"]
[EventCountry "GER"]
[SourceTitle "CBM 140 Extra"]
[Source "ChessBase"]
[SourceDate "2011.03.01"]
[SourceVersion "1"]
[SourceVersionDate "2011.03.01"]
[SourceQuality "1"]
[WhiteTeam "Heilbronn Biberach"]
[BlackTeam "Chemnitz USG"]
[WhiteTeamCountry "GER"]
[BlackTeamCountry "GER"]

1. e4 c5 2. Nf3 Nc6 3. Bc4 g6 4. Ng5 Ne5 5. b3 Nxc4 6. bxc4 Bg7 7. c3 d6 8. 0-0 Nf6 9. d3 0-0 10. Be3 a6 11. Nd2 Ng4 12. h3 Nxe3 13. fxe3 Bxc3 14. Rb1 Bg7 15. Rf2 e6 16. Qg4 d5 17. Rbf1 Qe7 18. Rxf7 Rxf7 19. Rxf7 Qe8 20. Rf2 b5 21. Qh4 h5 22. g4 Qe7 23. gxh5 Bh6 24. Ndf3 Qf6 25. hxg6 Qxg6 26. Rg2 Kh8 27. Nf7+ Qxf7 28. Qxh6+ Qh7 29. Qf6+ Qg7 30. Qxg7# 1-0

[Event "GER-chT U14 Girls"]
[Site "Gross Doelln"]
[Date "2010.12.27"]
[Round "2.4"]
[White "Nobis, Anna"]
[Black "Graf, Janine"]
[Result "1-0"]
[WhiteElo "1397"]
[BlackElo "756"]
[PlyCount "135"]
[EventDate "2010.12.27"]
[EventType "team-swiss"]
[EventRounds "7"]
[EventCountry "GER"]
[SourceTitle "CBM 140 Extra"]
[Source "ChessBase"]
[SourceDate "2011.03.01"]
[SourceVersion "1"]
[SourceVersionDate "2011.03.01"]
[SourceQuality "1"]
[WhiteTeam "Chemnitz Aufbau"]
[BlackTeam "Heilbronn Biberach"]
[WhiteTeamCountry "GER"]
[BlackTeamCountry "GER"]

1. e4 e5 2. Nf3 Nc6 3. Bc4 Bc5 4. c3 d6 5. d3 Qe7 6. 0-0 Be6 7. Bb3 Nf6 8. Bc2 0-0-0 9. d4 exd4 10. cxd4 Bb6 11. d5 Bxd5 12. exd5 Ne5 13. Nc3 Rhe8 14. Bd2 Ba5 15. Rb1 Bxc3 16. bxc3 Nxd5 17. Bf5+ Nd7 18. Qb3 N5b6 19. a4 g6 20. Bc2 Nc5 21. Qb4 Ne4 22. Be3 Nc5 23. c4 Nbd7 24. Rfe1 b6 25. Bg5 Qf8 26. Bxd8 Kxd8 27. a5 h5 28. axb6 Nxb6 29. Nd4 Kc8 30. Nc6 a6 31. Na5 Re5 32. Rxe5 dxe5 33. Nb3 Ncd7 34. Qxf8+ Nxf8 35. c5 Nc4 36. Bd3 Nd6 37. cxd6 cxd6 38. Bxa6+ Kd7 39. Bb5+ Ke7 40. Kf1 d5 41. Ke2 Ne6 42. g3 f5 43. Rd1 d4 44. Nd2 f4 45. gxf4 Nxf4+ 46. Kf3 Kf6 47. Ne4+ Kf5 48. Ng3+ Kf6 49. h4 g5 50. hxg5+ Kxg5 51. Ne2 Nxe2 52. Bxe2 Kf5 53. Bd3+ Ke6 54. Rh1 Kd5 55. Rxh5 Kd6 56. Ke4 Ke6 57. Rxe5+ Kd6 58. Kxd4 Kc6 59. Rh5 Kd6 60. Rh6+ Ke7 61. Ke5 Kd7 62. Bf5+ Kc7 63. Kd5 Kb7 64. Kc5 Ka7 65. Kb5 Kb7 66. Rh7+ Kb8 67. Kb6 Ka8 68. Rh8# 1-0